000 00265nam a2200097Ia 4500
008 230915s9999 xx 000 0 und d
050 _aHC79.E5 B68
100 _aBethlehem, Lael
245 4 _aThe Bottom Line: Industry and The Environment In South Africa
942 _cBK
999 _c74811
_d74811